| 000 | 01125cam a2200361Ia 4500 | ||
|---|---|---|---|
| 001 | 44484 | ||
| 005 | 20230410115557.0 | ||
| 008 | 920727s1990 mx a b 000 0 spa d | ||
| 035 | _a(OCoLC)ocm26266474 | ||
| 040 |
_aIXA _cIXA _dEL$ _dOCLCQ |
||
| 020 | _a9682303605 (ed. anteriores) | ||
| 020 | _a9789682303609 (ed. anteriores) | ||
| 020 | _a9682315905 | ||
| 020 | _a9789682315909 | ||
| 035 | _a(OCoLC)26266474 | ||
| 050 | 1 | 4 |
_aHF 1411 _bI34 1990 |
| 082 | 0 | 0 | _a382 |
| 245 | 0 | 0 |
_aImperialismo y comercio internacional : _bel intercambio desigual / _cpor Samir Amin ... [et al.]. |
| 250 | _a11a ed. | ||
| 260 |
_aMéxico, D.F. : _bSiglo Veintiuno Editores, _c1990. |
||
| 300 |
_a214 p. : _bill. ; _c21 cm. |
||
| 490 | 1 | _aEconomía y demografía | |
| 504 | _aIncludes bibliographical references. | ||
| 650 | 0 | _aEconomic development. | |
| 650 | 0 | _aInternational economic relations. | |
| 650 | 4 | _aEconomía internacional. | |
| 650 | 4 | _aImperialismo. | |
| 700 | 1 | _aAmin, Samir. | |
| 830 | 0 | _aEconomía y demografía (Mexico City, Mexico) | |
| 942 |
_2lcc _cbk |
||
| 994 |
_aC0 _bDRFGD |
||
| 946 | _acsexposito | ||
| 999 |
_c43951 _d43951 |
||